00880nam a2200241Ia 4500003000900000008004100009040001300050040001300063041000800076100002100084245008200105250001100187260002100198260000900219300001100228300001000239490003200249490000600281600012800287942000700415999001700422952019900439IT-RoPAU120407s9999 xx 000 0 und d aIT-RoPAU cIT-RoPAU aita aLuc-Henri Gihoul aLa donna, vocazione dell’uomo. Saggio di una teologia della femminilità . aMilano aEdizioni Paoline c1968 a290 p. c18 cm aLa famiglia, 42 L.800 v1 a"tit. orig. : Femme, vocation de l’homme. Trad. M. G. Abignente. 1 - Donna, Concezione cristiana I - Abignente, M. G." cBK c31612d31612 00102ddc406257_84200000000000071aPAULUSbPAULUSd2012-04-11l0o257.842r2012-04-11 00:00:00w2012-04-11yBKzInserito da: Anna In data: 12 settembre 2011 fondo: Via A.Severo 56 Progr:19240